<?xml version="1.0" encoding="UTF-8"?>
<record
    xmlns:xsi="http://www.w3.org/2001/XMLSchema-instance"
    xsi:schemaLocation="http://www.loc.gov/MARC21/slim http://www.loc.gov/standards/marcxml/schema/MARC21slim.xsd"
    xmlns="http://www.loc.gov/MARC21/slim">

  <leader>00665nam a22001817a 4500</leader>
  <controlfield tag="008">151030b        xxu||||| |||| 00| 0 eng d</controlfield>
  <datafield tag="020" ind1=" " ind2=" ">
    <subfield code="a">9789350590218 - vol. 1</subfield>
  </datafield>
  <datafield tag="020" ind1=" " ind2=" ">
    <subfield code="a">9789350591000 - vol. 2</subfield>
  </datafield>
  <datafield tag="050" ind1=" " ind2=" ">
    <subfield code="a">QM23.2.P911</subfield>
  </datafield>
  <datafield tag="100" ind1=" " ind2=" ">
    <subfield code="a">Prasad, Jagannath</subfield>
  </datafield>
  <datafield tag="245" ind1=" " ind2=" ">
    <subfield code="a">Recent human anatomy: regional and clinical. /</subfield>
    <subfield code="c">Jagannath Prasad</subfield>
  </datafield>
  <datafield tag="250" ind1=" " ind2=" ">
    <subfield code="a">vols. 1 and 2</subfield>
  </datafield>
  <datafield tag="260" ind1=" " ind2=" ">
    <subfield code="a">New Delhi:</subfield>
    <subfield code="b">Macmillan,</subfield>
    <subfield code="c">2012.</subfield>
  </datafield>
  <datafield tag="300" ind1=" " ind2=" ">
    <subfield code="a">2 vols.</subfield>
    <subfield code="b">ills.;</subfield>
  </datafield>
  <datafield tag="500" ind1=" " ind2=" ">
    <subfield code="a">Includes index</subfield>
  </datafield>
  <datafield tag="505" ind1=" " ind2=" ">
    <subfield code="a">Volume 1: Contents: History of anatomy, General anatomy, Upper limb and Lower limb    Volume 2: Contents: Thorax, Abdomen, Pelvis, Perineum and Back of trunk</subfield>
  </datafield>
  <datafield tag="942" ind1=" " ind2=" ">
    <subfield code="2">lcc</subfield>
    <subfield code="c">BK</subfield>
  </datafield>
  <datafield tag="999" ind1=" " ind2=" ">
    <subfield code="c">7175</subfield>
    <subfield code="d">14675</subfield>
  </datafield>
  <datafield tag="952" ind1=" " ind2=" ">
    <subfield code="0">0</subfield>
    <subfield code="1">0</subfield>
    <subfield code="2">lcc</subfield>
    <subfield code="4">0</subfield>
    <subfield code="7">0</subfield>
    <subfield code="a">WIUC-KL</subfield>
    <subfield code="b">WIUC-KL</subfield>
    <subfield code="c">NURS L.</subfield>
    <subfield code="d">2019-06-26</subfield>
    <subfield code="o">QM23.2.P911</subfield>
    <subfield code="p">KSN/096/19</subfield>
    <subfield code="r">2020-03-12 00:00:00</subfield>
    <subfield code="t">1 (vol. 1)</subfield>
    <subfield code="w">2020-03-12</subfield>
    <subfield code="y">BK</subfield>
  </datafield>
  <datafield tag="952" ind1=" " ind2=" ">
    <subfield code="0">0</subfield>
    <subfield code="1">0</subfield>
    <subfield code="2">lcc</subfield>
    <subfield code="4">0</subfield>
    <subfield code="7">0</subfield>
    <subfield code="a">WIUC-KL</subfield>
    <subfield code="b">WIUC-KL</subfield>
    <subfield code="c">NURS L.</subfield>
    <subfield code="d">2019-06-26</subfield>
    <subfield code="l">4</subfield>
    <subfield code="o">QM23.2.P911</subfield>
    <subfield code="p">KSN/097/19</subfield>
    <subfield code="r">2024-10-16 00:00:00</subfield>
    <subfield code="s">2024-10-11</subfield>
    <subfield code="t">1 (vol.  2)</subfield>
    <subfield code="w">2019-06-26</subfield>
    <subfield code="y">BK</subfield>
  </datafield>
</record>
